ARRUPE JESUIT UNIVERSITY

CORONAVIRUS -STOP THE SPREAD - CLEAN,DISINFECT,COVER

Theology in the making : (Record no. 119753)

MARC details
000 -LEADER
fixed length control field 01133cam a2200349 a 4500
001 - CONTROL NUMBER
control field 14819851
003 - CONTROL NUMBER IDENTIFIER
control field ARRUPE
005 - DATE AND TIME OF LATEST TRANSACTION
control field 20140129161742.0
008 - FIXED-LENGTH DATA ELEMENTS--GENERAL INFORMATION
fixed length control field 070423s2005 ie b 000 0ceng d
010 ## - LIBRARY OF CONGRESS CONTROL NUMBER
LC control number 2007405501
015 ## - NATIONAL BIBLIOGRAPHY NUMBER
National bibliography number GBA697855
Source bnb
016 7# - NATIONAL BIBLIOGRAPHIC AGENCY CONTROL NUMBER
Record control number 013606417
Source Uk
020 ## - INTERNATIONAL STANDARD BOOK NUMBER
International Standard Book Number 1853909459
020 ## - INTERNATIONAL STANDARD BOOK NUMBER
International Standard Book Number 9781853909450
035 ## - SYSTEM CONTROL NUMBER
System control number (OCoLC)ocm68726008
040 ## - CATALOGING SOURCE
Original cataloging agency PCJ
Transcribing agency PCJ
Modifying agency UKM
-- DLC
042 ## - AUTHENTICATION CODE
Authentication code lccopycat
043 ## - GEOGRAPHIC AREA CODE
Geographic area code e-ie---
050 00 - LIBRARY OF CONGRESS CALL NUMBER
Classification number BX4678
Item number .T46 2005
300 ## - PHYSICAL DESCRIPTION
Dimensions 21 cm.
245 00 - TITLE STATEMENT
Title Theology in the making :
Remainder of title biography, contexts, methods /
Statement of responsibility, etc edited by Gesa E. Thiessen & Declan Marmion.
260 ## - PUBLICATION, DISTRIBUTION, ETC. (IMPRINT)
Place of publication, distribution, etc Dublin, Ireland :
Name of publisher, distributor, etc Veritas,
Date of publication, distribution, etc 2005.
300 ## - PHYSICAL DESCRIPTION
Extent 170 p. ;
504 ## - BIBLIOGRAPHY, ETC. NOTE
Bibliography, etc Includes bibliographical references.
650 #0 - SUBJECT ADDED ENTRY--TOPICAL TERM
Topical term or geographic name as entry element Theologians
Geographic subdivision Ireland
Form subdivision Biography.
9 (RLIN) 7247
650 #0 - SUBJECT ADDED ENTRY--TOPICAL TERM
Topical term or geographic name as entry element Theologians.
9 (RLIN) 7248
650 #0 - SUBJECT ADDED ENTRY--TOPICAL TERM
Topical term or geographic name as entry element Theology.
9 (RLIN) 7249
700 1# - ADDED ENTRY--PERSONAL NAME
Personal name Thiessen, Gesa Elsbeth.
9 (RLIN) 7250
700 1# - ADDED ENTRY--PERSONAL NAME
Personal name Marmion, Declan
9 (RLIN) 7251
906 ## - LOCAL DATA ELEMENT F, LDF (RLIN)
a 7
b cbc
c copycat
d 3
e ncip
f 20
g y-gencatlg
942 ## - ADDED ENTRY ELEMENTS (KOHA)
Source of classification or shelving scheme Library of Congress Classification
Koha item type Monograph ( Printed materials)
Holdings
Withdrawn status Lost status Source of classification or shelving scheme Damaged status Not for loan Home library Current library Shelving location Date acquired Total Checkouts Full call number Barcode Date last seen Price effective from Koha item type
    Library of Congress Classification     ARRUPE LIBRARY ARRUPE LIBRARY Main Collection 29/01/2014   BX4678 .T46 2005 46412173 29/01/2014 29/01/2014 Monograph ( Printed materials)

 

Arrupe Library. PO Box MP320 Mt Pleasant, Harare, Zimbabwe
263 242 745411|librarian@aju.ac.zw